00682nam a22001817a 450000500170000000800410001702000150005805000220007324500630009525000110015826000450016930000210021465000900023565000660032570000400039170000320043170000370046320191127123448.0191127b ec ||||| |||| 00| 0 spa d a997855032104aP96.T42bF88 200203aEl futuro de los diariosc/ Edgar Jaramillo S....[et al.]. a1a ed. aQuito, Ecuador :bQuipus CIESPAL,c2002. a158 p. ;c21 cm. 72lembaMedios masivos de comunicaciónxInnovaciones tecnológicaszAmérica Latina 4aPublicación de periódicosxTecnologíazAmérica Latina1 aJaramillo S., Edgar,eautoreeditor1 aMantilla, Guadalupe,eautor1 aRodríguez, Juan Manuel,eautor